000 00383pam a2200157a 44500
008 230515b1990 xxu||||| |||| 00| 0 eng d
020 _aNULL
041 _aENGLISH
082 _aN.D.
100 _aOakland J.S. / Followell R.F.
245 _aStatistical Process Control
250 _a0
260 _aNULL
_bAffliliated East - West Press
_c1990
300 _a431
650 _aNULL
999 _c577694
_d577694